00638nam a2200169 a 450000100100000000500170001000800410002702000180006804000250008610000420011124501340015326000400028730000210032750000340034850000570038250400290043900003918020210910112133.0130606s2012 dr 000 0 spa d a9789945006414 aDO-SdBNPbspacBNPHU1 aRamírez Morillo, Belarminio,d1964-13aEl choque entre gladiadores :brazón versus emoción en las campañas de Hipólito y Danilo /cBelarminio Ramírez Morillo. aSanto Domingo :bCentenario,c2012. a315 p. ;c24 cm. aIncluye índice onomástico aIncluye datos biográficos del autor en las solapas aBibliografía : 301-308